00469nam a2200169Ia 450000500170000000800410001704000190005804100120007708200130008910000160010224501020011826000280022030000100024865000200025865100110027885000100028920240618114909.0131103s9999 xx 000 0 und d aLoreto College aEnglish a613bCHE aCheek, E.B. aGood health through good feedingb a malayan guide to health through a balanced diet cE.B. Cheek aLondonbMacmillanc1955 a33p.  aMedical science aHealth aLCBED